Cost-of-living increases under the Civil Service Retirement (CSR) Act /

Bibliographic Details
Main Author: Greenberg, Joel M.
Corporate Author: Library of Congress. Congressional Research Service
Format: Microform Book
Language:English
Published: [Washington, DC] : Library of Congress, Congressional Research Service, 1980.
Series:Major studies and issue briefs of the Congressional Research Service. Supplement ; 1979-80, reel 8, fr. 1258.
Subjects:

MARC

Tag First Indicator Second Indicator Subfields
LEADER 00000cam a2200000 a 4500
001 in00001372829
005 20151006084840.0
007 hd afa014baca
008 960517s1980 dcu a 000 0 eng d
035 |a (OCoLC)34748671 
035 |9 AHJ6291AM 
040 |a HDB  |c HDB  |d UtOrBLW 
049 |a TXAI 
090 |a JK1108  |b .M35 Suppl. 1979-80 reel 8, fr. 1258 
099 |a film  |a S  |a 1707  |a  1979-80, reel 8, fr. 1258. 
100 1 |a Greenberg, Joel M. 
245 1 0 |a Cost-of-living increases under the Civil Service Retirement (CSR) Act /  |c Joel M. Greenberg. 
264 1 |a [Washington, DC] :  |b Library of Congress, Congressional Research Service,  |c 1980. 
300 |a 7 pages ;  |c 28 cm. 
336 |a text  |b txt  |2 rdacontent 
337 |a microform  |b h  |2 rdamedia 
338 |a microfilm reel  |b hd  |2 rdacarrier 
500 |a Cover title. 
500 |a "Date updated 01/08/80." 
500 |a "Mini brief number MB79244." 
500 |a "Date originated 06/13/79." 
500 |a "Education and Public Welfare Division." 
504 |a Includes bibliographical references. 
533 |a Microfilm.  |b Arlington, VA :  |c University Publications of America,  |d 1980.  |e on 1 microfilm reel ; 35 mm. Low reduction.  |f (Major studies and issue briefs of the Congressional Research Service. 1979-80 supplement ; reel 8, fr. 1258). 
500 |a Microform. 
650 0 |a Cost and standard of living  |z United States. 
650 0 |a Civil service  |x Pensions  |z United States. 
650 0 |a Civil service  |x Retirement  |z United States. 
710 2 |a Library of Congress.  |b Congressional Research Service. 
830 0 |a Major studies and issue briefs of the Congressional Research Service.  |p Supplement ;  |v 1979-80, reel 8, fr. 1258. 
999 |a MARS 
999 f f |s c00a262b-738c-3928-a327-0e52c38d1ff2  |i e6be3c52-373d-3057-abc7-4b746d71ca7f  |t 0 
952 f f |p default  |a Texas A&M University  |b College Station  |c Sterling C. Evans Library  |d Evans: Microforms (3rd floor)  |t 0  |e film S 1707 1979-80, reel 8, fr. 1258.  |h Other scheme  |i microform -- microfilm reel 
998 f f |a film S 1707 1979-80, reel 8, fr. 1258.  |t 0  |l Evans: Microforms (3rd floor)